Zmluvy o zamedzení dvojitého zdanenia, daňová rezidencia a stále prevádzkarne

Zmluvy o zamedzení dvojitého zdanenia, daňová rezidencia a stále prevádzkarne v otázkach a odpovediach.

Salvato in:
Dettagli Bibliografici
Autore principale: Luknárová - Kutišová, Dalila
Natura: Capitolo di libro
Lingua:slovacco
Soggetti:
Tags: Aggiungi Tag
Nessun Tag, puoi essere il primo ad aggiungerne!!

MARC

LEADER 00000naa a2200000 4500
001 r046583
005 20230927070559.2
041 0 |a slo 
044 |a SK 
245 1 0 |a Zmluvy o zamedzení dvojitého zdanenia, daňová rezidencia a stále prevádzkarne  |c Dalila Luknárová 
520 |a Zmluvy o zamedzení dvojitého zdanenia, daňová rezidencia a stále prevádzkarne v otázkach a odpovediach. 
610 2 0 |a zdanenie dvojité 
610 2 0 |a rezidenti 
610 2 0 |a predpisy daňové 
610 2 0 |a daňovníci 
100 1 |a Luknárová - Kutišová, Dalila